| 000 | 01889nam a2200277Ia 4500 | ||
|---|---|---|---|
| 003 | PE SENCICO BE | ||
| 005 | 20251020182433.0 | ||
| 008 | 200515s9999 xx 000 0 und d | ||
| 020 | _a978-84-8369-059-8 | ||
| 040 |
_aPE SENCICO BE _cPE SENCICO BE |
||
| 041 | _aspa | ||
| 082 |
_a153.52 _bC27 |
||
| 100 | 1 |
_aCarreño Gonzales, Inés _92695 _eautor |
|
| 245 | 1 | 0 |
_aMetodologías del aprendizaje / _cInés Carreño Gonzales |
| 250 | _a[1a ed.] | ||
| 260 |
_aMadrid : _bCultural ; _c2008 |
||
| 300 |
_a413 p. : _bil. col., tabls. ; _c28 cm. |
||
| 505 | 0 | _aEl aprendizaje: Grandes estudiosos del aprendizaje -- Factores que influyen en el aprendizaje -- Estrategias de aprendizaje: Naturaleza de las estrategias -- Estrategias de apoyo -- Estrategias de personalización -- Estrategias de personazalición -- Estrategias de procesamiento o codificación -- Estrategias metacognitivas -- La elección de las estrategias de aprendizaje -- Enseñanza de las estrategias del aprendizaje -- Principios de las estrategias -- Metodología del estudio: Registro de actividades, costumbres, técnicas -- Antes del estudio -- Durante el estudio -- Después del estudio -- Factores que inciden en el aprendizaje: Atención -- Autoconcepto -- Autoestima -- Ansiedad -- Memoria -- Motivación -- Comprensión -- Fluidez verbal y agilidad mental -- Razonamiento -- Inteligencia -- Toma de decisiones y resolución de problemas -- Percepción -- Nuevas tecnologías | |
| 520 | 3 | _aDetalla lo que se entiende por aprendizaje y de numerosos estudios del tema y se pretende exponer de una forma clara y didáctica el modo de aprender que resulta más eficiente y que mejor rendimiento produce. | |
| 650 | 1 | 0 |
_aAprendizaje _92282 |
| 650 | 2 | 0 |
_aEstrategias de aprendizaje _92409 |
| 650 | 2 | 0 |
_aTécnicas de estudio _92689 |
| 650 | 2 | 0 |
_aMemoria _92188 |
| 650 | 2 | 0 |
_aMotivación _9933 |
| 942 |
_cLIB _2ddc |
||
| 999 |
_c312 _d312 |
||